[Event "Barcelona Sant Marti op-B 20th"]
[Site "Barcelona"]
[Date "2018.07.20"]
[Round "8"]
[White "Saxena, Anshul"]
[Black "Fernandez Egea, Andres"]
[Result "1-0"]
[WhiteElo "1647"]
[BlackElo "1876"]
[PlyCount "69"]
[EventDate "2018.07.13"]
[EventType "swiss"]
[EventRounds "9"]
[EventCountry "ESP"]
[SourceTitle "EXT 2019"]
[Source "ChessBase"]
[SourceDate "2018.10.10"]
[SourceVersion "1"]
[SourceVersionDate "2018.10.10"]
[SourceQuality "1"]

1. e4 e5 2. Nf3 Nc6 3. Bc4 Be7 4. c3 Nf6 5. Qe2 d6 6. Bb3 Bg4 7. d3 h6 8. Nbd2 0-0 9. Nf1 d5 10. h3 Bh5 11. g4 Bg6 12. Ng3 d4 13. Nh4 Kh7 14. Nhf5 Ng8 15. h4 Bxf5 16. Nxf5 g6 17. Nxe7 Qxe7 18. Bd2 dxc3 19. bxc3 a5 20. a4 Rad8 21. g5 h5 22. Bc2 Qd7 23. f4 exf4 24. Bxf4 Rfe8 25. 0-0 Ne5 26. Bxe5 Rxe5 27. d4 Re7 28. Rf4 Qc6 29. Qd3 Kg7 30. Raf1 b6 31. Bb3 Rf8 32. e5 Rd7 33. e6 Rd6 34. Rxf7+ Rxf7 35. Rxf7+ 1-0

[Event "Barcelona Sant Marti op-B 20th"]
[Site "Barcelona"]
[Date "2018.07.19"]
[Round "7"]
[White "Saxena, Anshul"]
[Black "Morais Carreras, Javier"]
[Result "1/2-1/2"]
[WhiteElo "1647"]
[BlackElo "1913"]
[PlyCount "67"]
[EventDate "2018.07.13"]
[EventType "swiss"]
[EventRounds "9"]
[EventCountry "ESP"]
[SourceTitle "EXT 2019"]
[Source "ChessBase"]
[SourceDate "2018.10.10"]
[SourceVersion "1"]
[SourceVersionDate "2018.10.10"]
[SourceQuality "1"]

1. e4 e5 2. Nf3 Nf6 3. Nxe5 d6 4. Nf3 Nxe4 5. d4 d5 6. Bd3 Nc6 7. 0-0 Be7 8. c4 Nb4 9. Be2 0-0 10. Nc3 Bf5 11. a3 Nxc3 12. bxc3 Nc6 13. cxd5 Qxd5 14. Bf4 Rac8 15. Re1 Bf6 16. Bd3 Bxd3 17. Qxd3 a6 18. c4 Qd7 19. Rad1 Rfe8 20. d5 Rxe1+ 21. Rxe1 Ne7 22. Bg5 Bxg5 23. Nxg5 Ng6 24. h4 Re8 25. Rxe8+ Qxe8 26. g3 h6 27. h5 hxg5 28. hxg6 fxg6 29. c5 Kf7 30. Qb3 Qb5 31. Qf3+ Kg8 32. Qe3 Kf8 33. Kg2 Qc4 34. Qf3+ 1/2-1/2

[Event "Barcelona Sant Marti op-B 20th"]
[Site "Barcelona"]
[Date "2018.07.18"]
[Round "6"]
[White "Palacios Pena, Gerardo"]
[Black "Saxena, Anshul"]
[Result "1/2-1/2"]
[WhiteElo "1905"]
[BlackElo "1647"]
[PlyCount "20"]
[EventDate "2018.07.13"]
[EventType "swiss"]
[EventRounds "9"]
[EventCountry "ESP"]
[SourceTitle "EXT 2019"]
[Source "ChessBase"]
[SourceDate "2018.10.10"]
[SourceVersion "1"]
[SourceVersionDate "2018.10.10"]
[SourceQuality "1"]

1. d4 f5 2. Bf4 Nf6 3. e3 e6 4. Be2 Be7 5. h3 d5 6. Nf3 Nbd7 7. 0-0 0-0 8. c4 c6 9. Nc3 Ne4 10. Rc1 Kh8 1/2-1/2

[Event "Barcelona Sant Marti op-B 20th"]
[Site "Barcelona"]
[Date "2018.07.15"]
[Round "3"]
[White "Saxena, Anshul"]
[Black "Melnik, Alexander"]
[Result "1/2-1/2"]
[WhiteElo "1647"]
[BlackElo "1882"]
[PlyCount "59"]
[EventDate "2018.07.13"]
[EventType "swiss"]
[EventRounds "9"]
[EventCountry "ESP"]
[SourceTitle "EXT 2019"]
[Source "ChessBase"]
[SourceDate "2018.10.10"]
[SourceVersion "1"]
[SourceVersionDate "2018.10.10"]
[SourceQuality "1"]

1. e4 c6 2. d4 d5 3. Nc3 dxe4 4. Nxe4 Bf5 5. Ng3 Bg6 6. Nf3 e6 7. Bd3 Bxd3 8. Qxd3 Nf6 9. 0-0 Be7 10. a3 0-0 11. Rd1 Qc7 12. Ne2 Bd6 13. c4 Rd8 14. Qc2 c5 15. dxc5 Qxc5 16. b4 Qh5 17. Bf4 Be7 18. Rxd8+ Bxd8 19. Rd1 Nc6 20. Ng3 Qg4 21. Qd2 Bb6 22. h3 Qg6 23. Nh4 Ne4 24. c5 Nxd2 25. Nxg6 hxg6 26. Rxd2 e5 27. Be3 Bc7 28. Rd7 Rc8 29. b5 Nb8 30. Rd1 1/2-1/2

[Event "World Amateur-ch"]
[Site "Iasi"]
[Date "2013.04.27"]
[Round "6"]
[White "Saxena, Anshul"]
[Black "Anton, Roxana Ana"]
[Result "0-1"]
[WhiteElo "1608"]
[BlackElo "1826"]
[PlyCount "86"]
[EventDate "2013.04.22"]
[EventType "swiss"]
[EventRounds "9"]
[EventCountry "ROU"]
[SourceTitle "CBM 154 Extra"]
[Source "ChessBase"]
[SourceDate "2013.06.25"]
[SourceVersion "2"]
[SourceVersionDate "2013.06.25"]
[SourceQuality "1"]

1. e4 e6 2. d4 d5 3. Nd2 Nf6 4. e5 Nfd7 5. Bd3 c5 6. c3 b6 7. Ne2 Ba6 8. Bxa6 Nxa6 9. 0-0 Be7 10. f4 f5 11. exf6 Bxf6 12. f5 exf5 13. Nf4 Nc7 14. Re1+ Kf7 15. Nf1 g6 16. Ne3 cxd4 17. Nexd5 Nxd5 18. Nxd5 dxc3 19. bxc3 Nc5 20. Bb2 Re8 21. Rxe8 Qxe8 22. Qf3 Qe4 23. Qxe4 Nxe4 24. Nxf6 Kxf6 25. Rd1 Ke6 26. Kf1 Rc8 27. Rd3 Rc4 28. Ke2 Ra4 29. a3 Nc5 30. Rd8 Rh4 31. h3 Re4+ 32. Kd2 Nd7 33. Kd3 Ne5+ 34. Kd2 Nc4+ 35. Kc2 Nxb2 36. Kxb2 Re2+ 37. Kb3 Rxg2 38. Ra8 f4 39. Rxa7 f3 40. Ra6 f2 41. Rxb6+ Ke5 42. Rb5+ Ke4 43. Rb4+ Ke3 0-1

[Event "World Amateur-ch"]
[Site "Iasi"]
[Date "2013.04.23"]
[Round "2"]
[White "Saxena, Anshul"]
[Black "Zahariev, Ognyan"]
[Result "0-1"]
[WhiteElo "1608"]
[BlackElo "1913"]
[PlyCount "92"]
[EventDate "2013.04.22"]
[EventType "swiss"]
[EventRounds "9"]
[EventCountry "ROU"]
[SourceTitle "CBM 154 Extra"]
[Source "ChessBase"]
[SourceDate "2013.06.25"]
[SourceVersion "2"]
[SourceVersionDate "2013.06.25"]
[SourceQuality "1"]

1. e4 c5 2. Nf3 Nc6 3. d4 cxd4 4. Nxd4 g6 5. Nc3 Bg7 6. Be3 d6 7. Qd2 Nf6 8. f3 0-0 9. Bc4 a6 10. g4 Ne5 11. Bb3 b5 12. h4 h5 13. gxh5 Nxh5 14. 0-0-0 Nc4 15. Bxc4 bxc4 16. Bh6 a5 17. Bxg7 Kxg7 18. Rdg1 a4 19. a3 Bd7 20. Qg5 Rh8 21. e5 Ra5 22. f4 Kf8 23. Re1 dxe5 24. fxe5 Kg7 25. Rhg1 Kh7 26. Ref1 Qe8 27. Qe3 Ra6 28. Ne4 f6 29. Nc5 Ra5 30. Nxd7 Qxd7 31. e6 Qc7 32. Qe4 Rg8 33. Kb1 c3 34. Qg4 Qb6 35. b3 axb3 36. Nxb3 Rxa3 37. Qc4 Raa8 38. Qxc3 Qxe6 39. Re1 Qd7 40. Qc4 e5 41. Rd1 Qa7 42. Qc6 Rg7 43. Rge1 Nf4 44. Qxf6 Qa2+ 45. Kc1 Rc8 46. Rd2 Qxb3 0-1